000 00904nam a2200193Ia 4500
001 7536
003 GE_BSU
008 181216s||||||||xx |||||||||||||| ||und||
040 _cGE_BSU
245 _aგადასახადები & აღრიცხვა.№14.2013.
245 _bკანონმდებლობის მიმოხილვა,აღრიცხვა,ოფიციალური მასალები,ექსპერტის კონსულტაცია.
245 _cექსპერტები:გონერ ურდია,ჯემალ ძაგნიძე, მაია ნასარაია,და სხვ.
260 _aთბილისი.
260 _c2013.
300 _a54გვ;29სმ.
653 _aგადასახადები & აღრიცხვა.
653 _aპერიოდიკა
942 _cCR
999 _c40892
_d40892